Szczegóły MARC21

Begriffsbestimmung der Romantik /

003 -Nazwa inst., której nr kontr. jest w polu 001 [,]
    • @
    • Nazwa instytucji, której n kontrolny jest w polu 001
    • NUKAT
005 -DATA I CZAS OSTATNIEJ MODYFIKACJI [,]
    • @
    • pole kontrolne
    • 20241231101426.0
020 -Międzynarod. znormalizowany nr książki - ISBN [ , ]
    • a
    • Numer ISBN
    • 3534040023 Find
040 -Instytucja sporządzająca opis [ , ]
    • a
    • Instytucja, która sporządziła opis (NP)
    • WA U/DUNWM
    • c
    • Instytucja, która sporządziła rekord (NP)
    • WA U/WMs
    • d
    • Instytucja, która zmodyfikowała rekord (P)
    • WA U/DUNJL
942 -Rodzaj dokumentu [ , ]
    • c
    • Rodzaj dokumentu
    • Książka
245 -Strefa tytułu i oznaczenia odpowiedzialności [0,0]
    • a
    • Tytuł
    • Begriffsbestimmung der Romantik / Find
    • c
    • Pozostałe elementy strefy tytułu i oznaczenia odpowiedzialności (NP)
    • hrsg. von Helmut Prang.
250 -Strefa wydania [ , ]
    • a
    • Oznaczenie wydania (NP)
    • 2., durchges. Aufl.
260 -Strefa adresu wydawniczego [ , ]
    • a
    • Miejsce wydania (P)
    • Darmstadt :
    • b
    • Nazwa wydawcy (P)
    • Wissenschaftliche Buchgesellschaft,
    • c
    • Data wydania (P)
    • 1972.
300 -Strefa opisu fizycznego [ , ]
    • a
    • Określenie formy książki i/lub objętość (NP)
    • VI, 441 s. ;
    • c
    • Format (NP)
    • 20 cm.
336 -Typ zawartości [ , ]
    • a
    • Termin opisujący typ zawartości
    • Tekst
    • b
    • Kod określający zawartość
    • txt
    • 2
    • Źródło (terminu i kodu)
    • rdacontent
337 -Typ mediów [ , ]
    • a
    • Tryb odtwarzania
    • Bez urządzenia pośredniczącego
    • b
    • Kod typu mediów
    • n
    • 2
    • Źródło (terminu i kodu)
    • rdamedia
338 -Typ/rodzaj nośnika [ , ]
    • a
    • Hasło opisujące typ nośnika
    • Wolumin
    • b
    • Kod typu nośnika
    • nc
    • 2
    • Źródło (terminu i kodu)
    • rdacarrier
490 -Strefa serii i książki wielotomowej - forma nie do wyszukiwania [1, ]
    • a
    • Tytuł (P)
    • Wege der Forschung ; Find
    • v
    • Numeracja (P)
    • Bd. 150
830 -Hasło dodatkowe serii i opisu książki wielotomowej - tytuł ujednolicony/tytuł [ ,0]
    • a
    • Tytuł ujednolicony/tytuł (NP)
    • Wege der Forschung
    • x
    • ISSN
    • 0509-9609
    • v
    • Oznaczenie tomu (NP)
    • Bd. 150
    • 9
    • KHW
    • 83946
080 -Uniwersalna Klasyfikacja Dziesiętna [ , ]
    • a
    • Symbol klasyfikacji
    • 830(091)"18"Romantyzm(082.1)=30
080 -Uniwersalna Klasyfikacja Dziesiętna [ , ]
    • a
    • Symbol klasyfikacji
    • :82(091)"18"Romantyzm(082.1)=30
650 -Hasło przedmiotowe [ ,7]
    • a
    • Hasło przedmiotowe
    • Literatura niemiecka
    • y
    • Określnik chronologiczny
    • 19 w.
    • x
    • Określnik rzeczowy
    • historia i krytyka
    • x
    • Określnik rzeczowy
    • teoria.
    • 2
    • Źródło terminu
    • kaba
    • 9
    • KHW
    • 648747
650 -Hasło przedmiotowe [ ,7]
    • a
    • Hasło przedmiotowe
    • Romantyzm
    • z
    • Określnik geograficzny
    • Niemcy.
    • 2
    • Źródło terminu
    • kaba
    • 9
    • KHW
    • 128073
980 -Symbol UKD [ , ]
    • a
    • UKD
    • 830:82](091)"18"Romantyzm(082.1)=30
700 -Hasło dodatkowe - nazwa osobowa [1, ]
    • a
    • Nazwa osobowa (NP)
    • Prang, Helmut Find
    • d
    • Daty biograficzne (NP)
    • (1910-1982).
    • e
    • Określenie rodzaju współpracy
    • Red.
    • 9
    • KHW
    • 649926
710 -Hasło dodatkowe - nazwa ciała zbiorowego [2, ]
    • a
    • Nazwa ciała zbiorowego lub nazwa geograficzna jako pierwszy element (NP)
    • Wissenschaftliche Buchgesellschaft.
    • 4
    • Kod relacji
    • pbl
    • 9
    • KHW
    • 58896
920 -ISBN [ , ]
    • a
    • ISBN
    • 3-534-04002-3 Find
Numer inwentarzowy Lokalizacja Sygnatura Status udost. Data inwentaryzacji
G.18037BMGERM. Lit. niem. - romantyzm 0512006-03-08